| 000 | 00697nam a22002057a 4500 | ||
|---|---|---|---|
| 999 |
_c17812 _d17812 |
||
| 003 | OSt | ||
| 005 | 20230119131914.0 | ||
| 008 | 230119b ||||| |||| 00| 0 eng d | ||
| 040 | _c0 | ||
| 082 | _aDPer 370.5 M720 June - December 2017 v66 no. 1-7 | ||
| 100 |
_aDugay, Ronalyn. _eauthor. _947321 |
||
| 245 |
_aBrigada eskwela : _bgenuine initiative turns impossible to possible / _cRonalyn Dugay |
||
| 260 |
_aPhilippines : _bPapi Publishers, Inc., _cJune 2017. |
||
| 300 | _avolume 66, pages 23-24. | ||
| 650 |
_aCommunity services. _918713 |
||
| 650 |
_aCommunity organization. _947322 |
||
| 650 |
_aStudent activities. _947310 |
||
| 700 |
_aDugay, Ronalyn. _eauthor. _947321 |
||
| 942 |
_2ddc _cPER |
||